Trường thi Hương cuối cùng ở Bắc Kỳ trường thi Nam Định /
Saved in:
| Main Author: | |
|---|---|
| Other Authors: | |
| Format: | Article |
| Language: | Vietnamese |
| Subjects: | |
| Tags: |
Add Tag
No Tags, Be the first to tag this record!
|
| Institutions: | Thư viện Trường Đại học Đà Lạt |
|---|
| LEADER | 00966nam a2200325 4500 | ||
|---|---|---|---|
| 001 | DLU080063290 | ||
| 005 | ##20080821 | ||
| 040 | # | # | |a DLU |b vie |
| 041 | # | # | |a vie |
| 044 | # | # | |a vn |
| 100 | # | # | |a Đỗ Hương Thảo. |
| 245 | # | # | |a Trường thi Hương cuối cùng ở Bắc Kỳ trường thi Nam Định / |c Đỗ Hương Thảo, Vũ Thị Minh Thắng. |
| 653 | # | # | |a Lịch sử giáo dục |
| 653 | # | # | |a Nam Định |
| 653 | # | # | |a Thời đại phong kiến |
| 653 | # | # | |a Thi Hương |
| 700 | # | # | |a Vũ Thị Minh Thắng. |
| 773 | # | # | |t Nghiên cứu Lịch sử |g Số 4(384), tr. 11-19; Số 5(385), tr. 48-58, 2008 |
| 920 | # | # | |a Phòng Tạp chí -- Trung tâm Thông tin - Thư viện Trường Đại học Đà Lạt |
| 933 | # | # | |a LS |
| 933 | # | # | |a VH |
| 933 | # | # | |a VN |
| 994 | # | # | |a DLU |
| 900 | # | # | |a True |
| 911 | # | # | |a Hoàng Thị Huyền |
| 925 | # | # | |a G |
| 926 | # | # | |a A |
| 927 | # | # | |a BB |
| 980 | # | # | |a Thư viện Trường Đại học Đà Lạt |